000 00271nam a2200097Ia 4500
008 220204s9999 xx 000 0 und d
082 _a339.54:061.1(100)DUN
_bGAT
245 0 _aDunkel draft of uruguay round of GATT negotiations
260 _aGeneva
_bGATT
_c1991
942 _cBK
999 _c40507
_d40507